|
|
|
|
| LEADER |
01277nam a2200361Ia 4500 |
| 001 |
EBC366741 |
| 003 |
MiAaPQ |
| 005 |
20200520144314.0 |
| 006 |
m o d | |
| 007 |
cr cn||||||||| |
| 008 |
080708s2008 inua sb 001 0 eng d |
| 020 |
|
|
|z 9780470344026 (pbk.)
|
| 020 |
|
|
|z 0470344024 (pbk.)
|
| 035 |
|
|
|a (MiAaPQ)EBC366741
|
| 035 |
|
|
|a (Au-PeEL)EBL366741
|
| 035 |
|
|
|a (CaPaEBR)ebr10257671
|
| 035 |
|
|
|a (CaONFJC)MIL183714
|
| 035 |
|
|
|a (OCoLC)298281923
|
| 040 |
|
|
|a MiAaPQ
|c MiAaPQ
|d MiAaPQ
|
| 050 |
|
4 |
|a HF5414
|b .E93 2008
|
| 100 |
1 |
|
|a Evans, Dave,
|d 1956-
|
| 245 |
1 |
0 |
|a Social media marketing
|h [electronic resource] :
|b an hour a day /
|c Dave Evans.
|
| 260 |
|
|
|a Indianapolis, Ind. :
|b Wiley,
|c c2008.
|
| 300 |
|
|
|a xxii, 409 p. :
|b ill.
|
| 490 |
1 |
|
|a Serious skills
|
| 504 |
|
|
|a Includes bibliographical references and index.
|
| 533 |
|
|
|a Electronic reproduction. Ann Arbor, MI : ProQuest, 2015. Available via World Wide Web. Access may be limited to ProQuest affiliated libraries.
|
| 650 |
|
0 |
|a Social media
|x Marketing.
|
| 650 |
|
0 |
|a Social marketing.
|
| 655 |
|
4 |
|a Electronic books.
|
| 710 |
2 |
|
|a ProQuest (Firm)
|
| 830 |
|
0 |
|a Serious skills.
|
| 856 |
4 |
0 |
|u https://ebookcentral.proquest.com/lib/matrademy/detail.action?docID=366741
|z Click to View
|